Statystyki dla Kadra Zagłębia Lubin w ESA 2011/2012

Kliknij tutaj aby rozwiązać quiz!

Ogólne statystyki

  • Ten quiz został rozwiązany 10 razy
  • Średni wynik to 4 z 25

Statystyki odpowiedzi

pozycja#krajrocznikpiłkarz% Poprawnych
B30POL1977Aleksander Ptak
50%
N9LTA1984Darvydas Sernas
50%
P17POL1990Adrian Rakowski
40%
O2ZIM1984Costa Nhamoinesu
40%
B12POL1992Konrad Forenc
40%
N11POL1990Arkadiusz Woźniak
30%
B50SER1980Bojan Isailovic
30%
P25POL1986Łukasz Hanzel
30%
N99SEN1986Mouhamadou Traore
30%
P20NGA1986David Abwo
20%
N10LVA1992Deniss Rakels
20%
P23POL1986Szymon Pawłowski
20%
P14POL1992Damian Dąbrowski
10%
P86LTA1986Dominykas Galkevicius
10%
Trener-POL1962Jan Urban
10%
O13COL1985Sergio Reina
10%
O21POL1989Bartosz Rymaniak
0%
O6POL1984Błażej Telichowski
0%
O3SVK1982Csaba Horvath
0%
N31SER1980Dusan Dokic
0%
P18POL1984Janusz Gancarczyk
0%
P88POL1988Kamil Wilczek
0%
P19POL1985Maciej Małkowski
0%
O27SVK1980Michal Hanek
0%
P81POL1981Patryk Rachwał
0%

Rozkład punktacji

Percentyl według liczby udzielonych odpowiedzi

Procent ludzi z każdym wynikiem

Twoja historia wyników

Nie rozwiązałeś tego quizu